000 01187nam a2200325 a 4500
001 000108594
003 CHAP
005 20220329144018.0
008 140226s2012 mx ab |sm |||||||spa|d
010 _a105056
011 _a106028
040 _cCHAP
090 _aTesis
100 1 _aNicolás Silva, Teresa de Jesús
_9125625
245 1 0 _aProductores forestales y la superficie que cubren en el Estado de México
_h[En línea]
_cpor Teresa de Jesús Nicolás Silva.
260 _aChapingo, Méx. :
_bEl autor,
_c2012.
500 _aPara ver el contenido del material haga clic en la liga
502 _aTesis (Ing. Forestal) -- UACH. División de Ciencias Forestales
590 _aBATCH-UPD
_b05
_c20140324
_lUCH01
_h1535
590 _aBATCH-UPD
_b05
_c20141002
_lUCH01
_h0856
590 _aE792CSJ
_b05
_c20140226
_lUCH01
_h1000
590 _aE792CSJ
_b05
_c20140226
_lUCH01
_h1000
590 _aE792CSJ
_b05
_c20140226
_lUCH01
_h1016
650 1 4 _aProductos forestales
_xMéxico (Edo.)
_992095
650 1 4 _aRecursos forestales
_xMéxico (Edo.)
_995055
856 _aFinding aid
_uhttp://10.13.5.2/tesis/sist108594.pdf
_zTeclea aquí
901 _aBK
942 _cTESIS
942 _n0
999 _c105056
_d105056